000 00485nam a2200181 a 4500
003 BD-DhJNU
005 20250831050430.0
008 250501s1962 ii a b 001 0 eng
040 _aBD-DhJNU
_bENG
_cBD-DhJNU
_dBD-DhJNU
082 0 0 _a941.05 BRT
_223
100 1 _aBrett, S. Reed
245 1 4 _aThe Tudor century, 1485-1603 /
_cS. Reed Brett
260 _aLondon :
_bHarrap,
_c1962.
300 _a304 p. ;
_c21 cm.
504 _aIncludes index.
650 0 _aGreat Britain
942 _cBK
999 _c2050
_d2050